000 00418nam a22001697a 4500
005 20180811111647.0
008 160616b xxu||||| |||| 00| 0 eng d
020 _a81-242-0268-0
041 _aeng
082 _b7960
_a658.3124
100 _aRAE, LESLIE
_91809
245 _aThe Art of Training and Development in Mgt (VOL-5)
260 _bKogan Pages
300 _a233p,
650 _aManagement
_9241
942 _cBK
999 _c2929
_d2928